00635nam a2200169 a 450000100100000000500170001000800410002702000180006804000250008611000440011124500680015526000610022330000270028470000320031195201050034399900170044800003386820200930070602.0110914s2008 br ac 000 0 spa d a9788575111321 aDO-SdBNPbspacBNPHU1 aRepública Federativa do Brasil95929610aMachado para jovens leitores /cAna Cristina Chiara...[et. al]. aRio de Janeiro :bFundacão Biblioteca Nacional,c2008. a184 p. :bil. ;c2008.1 aChiara, Ana Cristina959297 001050718MOaGRbGRcCTd2011-09-14iLF1l0o p33868-10r2020-06-25w2020-06-25y1ZNo se presta c33359d33359